| 000 | 00694nam a2200217Ia 4500 | ||
|---|---|---|---|
| 003 | GCL | ||
| 008 | 140319s9999 xx 000 0 ara d | ||
| 020 | _a5181232977 | ||
| 040 |
_aGCL / _cGCL |
||
| 082 | 0 | 4 |
_a920 _bم ت |
| 100 | 1 | _aمحمد لطفى جمعة | |
| 245 | 1 | 0 |
_aتذكار الصبا : _b( ذكرى 19 مارس) / _cمحمد لطفى جمعة |
| 700 | 1 | _aرابح لطفى جمعة | |
| 260 |
_aالقاهرة : _bعالم الكتب الحديث ، _c1999 |
||
| 300 |
_a448 ص ؛ _c24 سم |
||
| 650 | 0 | 4 | _aالمذكرات |
| 650 | 0 | 4 | _aالتراجم الذاتية |
| 650 | 0 | 4 | _aالرحلات فى الادب |
| 650 | 0 | 4 | _aمحمد لطفى جمعة |
| 942 |
_2ddc _cBK |
||
| 999 |
_c7139 _d7139 |
||